Т. 2. Отделение 1. Приложение механики к сооружениям: пер. с 3-го нем. изд-я; Теоретическая и практическая механика

Detalles Bibliográficos
Parent link:Теоретическая и практическая механика/ Ю. Л. Вейсбах. Т. 2. Отделение 1. Приложение механики к сооружениям.— , 1859-1864
Outros autores: Соколов Н. (переводчик), Усов П.
Summary:Печатать позволяется, с тем чтобы по отпечатании, представлено было в Цензурный Комитет, узаконенное число экземпляров. С. Петербург 20 сентября, 1861 года. Цензор К. Оберт
Текст в русской дореформенной орфографии
Idioma:ruso
Publicado: 1861
Subjects:
Formato: Libro
KOHA link:https://koha.lib.tpu.ru/cgi-bin/koha/opac-detail.pl?biblionumber=339814

MARC

LEADER 00000nam2a2200000 4500
001 339814
005 20231102005159.0
035 |a (RuTPU)RU\TPU\book\366357 
035 |a RU\TPU\book\319890 
090 |a 339814 
100 |a 20180129d1861 k y0rusy50 ca 
101 1 |a rus  |c ger 
102 |a RU 
105 |a a j 000zy 
200 0 |a Т. 2. Отделение 1. Приложение механики к сооружениям  |e пер. с 3-го нем. изд-я  |f пер. Н. Соколова ; пер. П. Усова 
210 |d 1861 
215 |a [4], 768 с.  |c ил., табл. 
300 |a Печатать позволяется, с тем чтобы по отпечатании, представлено было в Цензурный Комитет, узаконенное число экземпляров. С. Петербург 20 сентября, 1861 года. Цензор К. Оберт 
300 |a Текст в русской дореформенной орфографии 
316 |5 63413507: 33//232  |a На форзаце и дополнительном титульном листе суперэкслибрисы П. К. Гудкова 
316 |5 63413507: 33//232  |a На дополнительном титульном листе штемпель П. К. Гудкова 
316 |5 63413507: 33//232  |a На дополнительном титульном листе штамп книжного магазина Михайлова и Макушина в Томске 
316 |5 63413507: 7//110  |a Владельческий переплет 
316 |5 63413507: 7//110  |a На форзаце экслибрис Библиотеки ТТИ 
317 |5 63413507: 7//110  |a Поступил в НТБ в 1907 г. в дар от профессора ТТИ А. М. Крылова 
461 1 |0 (RuTPU)RU\TPU\book\319813  |t Теоретическая и практическая механика  |f Ю. Л. Вейсбах  |v Т. 2. Отделение 1. Приложение механики к сооружениям  |d 1859-1864 
606 1 |a Механика теоретическая  |2 stltpush  |3 (RuTPU)RU\TPU\subj\59441  |9 76991 
610 1 |a общая механика 
610 1 |a величины 
610 1 |a давление рыхлых тел 
610 1 |a теория сводов 
610 1 |a деревянные постройки 
610 1 |a металлические постройки 
610 1 |a движущие силы 
610 1 |a водоотведение 
610 1 |a водоотводящие сети 
610 1 |a водоотводные системы 
610 1 |a ветряные мельницы 
610 1 |a теплота 
610 1 |a пар 
610 1 |a паровые машины 
610 1 |a водяные пары 
610 1 |a паропроизводящие установки 
610 1 |a учебные пособия 
610 1 |a владельческие знаки 
675 |a 531(075.8)  |v 4 
702 1 |a Соколов  |b Н.  |4 730 
702 1 |a Усов  |b П.  |4 730 
801 1 |a RU  |b 63413507  |c 20150515 
801 2 |a RU  |b 63413507  |c 20210824  |g RCR 
942 |c BK